000 00559 a2200193 4500
999 _c10301
_d10301
020 _a0297816276
050 _aPR9390.9 MAR 1996
100 _aMaraire, Nozipo
_eauthor
245 _aZenzele :
_ba letter for my daughter /
_cNozipo Maraire
264 _aLondon :
_bWeidenfeld and Nicolson,
_c1996
300 _ax, 193p.
500 _aDomestic fiction
650 _aMothers and daughters
_xFiction
650 _aWomen -- Zimbabwe
_xFiction
650 _aMothers and daughters
650 _aWomen
651 _aZimbabwe
942 _2lcc
_cBK
_h9390.9
_iMAR
_kPR